00412pab a2200145 454500008004000000100001800040245008400058260000900142300001600151362000800167650003600175700001700211700002000228773001800248180718b1996 xxu||||| |||| 00| 0 eng d aBall, Michael aStructural investment and economic growth: a long term international comparison c1996 ap.1687-1706 aNov aEconomic and social development aWood, Andrew aMorrison, Tanya aUrban Studies